00275nam a22000977a 450000500170000000800410001702000150005804000080007324500440008126000520012520200826160241.0200826b ||||| |||| 00| 0 eng d a0512221102 cCML aStudy Skills in English.cWallace, M.J. aGreat BritainbCambridge University Pressc1980